| 000 | 00568nam a22001817a 4500 | ||
|---|---|---|---|
| 005 | 20251108175835.0 | ||
| 008 | 250721s2020 xx 000 0 ara d | ||
| 082 | 1 | 4 | _a614.42565/عاي |
| 100 | 1 | _aبني عايش، محمد سعيد أحمد | |
| 245 | 1 | 0 | _aالأردن و العالم وفيروس كورونا المستجد / |
| 264 | 1 |
_aاربد : _bدار الكتاب الثقافي، _c2020. |
|
| 300 | _a390ص. | ||
| 650 | 1 | 7 | _aالأوبئة |
| 650 | 1 | 7 | _aالوقاية الصحية |
| 650 | 1 | 7 | _aالأردن |
| 942 |
_2ddc _cBK |
||
| 999 |
_c143692 _d143692 |
||